00645nam a2200217Ia 450000500170000000800410001702000150005808200220007310000130009524500640010826000540017230000170022665000100024365000140025365000160026765000110028365000130029494200060030795200990031399900150041220250210014955.0240331s9999 xx 000 0 und d a0875894186 bBEE2368a305.401 aBeere, C 0aWomen and Women's Issues:bA Handbook of Texts and Measures aCalifornia;aLondonbJossey-Bass Publishersc1979 axvi, 550 p., aWomen aSex Roles aStereotypes aGender aChildren cL 001040708LaWERCLbWERCLcSSCd2024-03-31l0o 305.4018 BEEp368r2024-03-31w2024-03-31yL c2652d2652